[Event "SRB-chT3 West CS"]
[Site "Serbia"]
[Date "2017.10.13"]
[Round "8.53"]
[White "Lazovic, Milanko"]
[Black "Matovic, Mihailo"]
[Result "1-0"]
[WhiteElo "1979"]
[BlackElo "1884"]
[PlyCount "127"]
[EventDate "2017.09.03"]
[EventType "team-tourn"]
[EventRounds "11"]
[EventCountry "SRB"]
[SourceTitle "EXT 2021"]
[Source "ChessBase"]
[SourceDate "2020.10.23"]
[SourceVersion "1"]
[SourceVersionDate "2020.10.23"]
[SourceQuality "1"]

1. d4 e6 2. Nf3 d5 3. Nc3 Nf6 4. Bg5 Be7 5. Bxf6 Bxf6 6. e3 a6 7. a4 c5 8. Be2 0-0 9. 0-0 b6 10. Rb1 Nd7 11. h3 Rb8 12. Nh2 g6 13. Qd2 Qc7 14. Ng4 Bg7 15. f4 cxd4 16. exd4 f5 17. Nh2 Nf6 18. Nf3 Ne4 19. Nxe4 fxe4 20. Ne5 b5 21. axb5 axb5 22. c3 Bxe5 23. fxe5 Bd7 24. Qg5 Rf5 25. Rxf5 exf5 26. Qe7 Re8 27. Qb4 Qc6 28. Ra1 f4 29. Ra5 Rb8 30. Ra7 Re8 31. Qd6 Qxd6 32. exd6 Rd8 33. Rc7 Bf5 34. Bg4 Rxd6 35. Bxf5 gxf5 36. Rc5 e3 37. Kf1 Kf7 38. Rxb5 Kg6 39. Ke2 Kg5 40. b4 Kh4 41. Rb7 h6 42. b5 Rg6 43. Kf3 Re6 44. Ke2 Kg3 45. Rg7+ Kh2 46. h4 Rb6 47. Kf3 Re6 48. Ke2 Rb6 49. Kf3 Re6 50. Ke2 Rb6 51. h5 Rxb5 52. Kf3 Kg1 53. g4 Kf1 54. gxf5 e2 55. Re7 Rb3 56. Kxf4 Rxc3 57. f6 Kf2 58. Kf5 Rf3+ 59. Kg6 e1Q 60. Rxe1 Kxe1 61. f7 Ke2 62. Kg7 Kd3 63. f8Q Rxf8 64. Kxf8 1-0